<?xml version="1.0" encoding="UTF-8"?>
<marc:record xmlns:marc="http://www.loc.gov/MARC21/slim">
   <marc:leader>00000nam a2200000 a 4500</marc:leader>
   <marc:datafield ind1="1" ind2=" " tag="100">
      <marc:subfield code="a">Gilman, David</marc:subfield>
      <marc:subfield code="4">aut</marc:subfield>
      <marc:subfield code="e">Verfasser/-in</marc:subfield>
   </marc:datafield>
   <marc:datafield ind1="0" ind2="0" tag="245">
      <marc:subfield code="a">Der ehrlose König</marc:subfield>
   </marc:datafield>
   <marc:datafield ind1="0" ind2="0" tag="245">
      <marc:subfield code="b">historischer Roman</marc:subfield>
   </marc:datafield>
   <marc:datafield ind1="0" ind2="0" tag="245">
      <marc:subfield code="c">David Gilman</marc:subfield>
   </marc:datafield>
   <marc:datafield ind1=" " ind2="1" tag="264">
      <marc:subfield code="a">Reinbek bei Hamburg</marc:subfield>
      <marc:subfield code="b">Rowohlt Taschenbuch Verlag</marc:subfield>
      <marc:subfield code="c">2017</marc:subfield>
   </marc:datafield>
   <marc:datafield ind1="1" ind2=" " tag="490">
      <marc:subfield code="a">Legenden des Krieges</marc:subfield>
   </marc:datafield>
   <marc:datafield ind1="1" ind2=" " tag="520">
      <marc:subfield code="a">Angaben aus der Verlagsmeldung

Legenden des Krieges: Der ehrlose König Master of War: Defiant unto death / von David Gilman

Die Normandie, 1356. Thomas Blackstone, inzwischen zum Ritter geschlagen, lebt mit seiner Frau und seinen Kindern in Nordfrankreich. Er hält mehrere Städte für den englischen König Edward III. und hat für sich und seine Männer einen Ruf erkämpft. Doch die Ruhe währt nur kurz: Als es seine normannischen Verbündeten wagen, sich gegen den König von Frankreich aufzulehnen, folgt die Antwort auf den Fuß – grausam werden die Verräter hingerichtet. Nun hat Thomas nur noch ein Ziel: Er will sich an König Jean und dessen Helfershelfer Gilles de Marcy rächen. Bei der großen Schlacht von Poitiers kommt er seinem Ziel gefährlich nahe …
</marc:subfield>
   </marc:datafield>
   <marc:datafield ind1=" " ind2=" " tag="020">
      <marc:subfield code="a">9783499290770</marc:subfield>
      <marc:subfield code="9">9783499290770</marc:subfield>
   </marc:datafield>
   <marc:datafield ind1=" " ind2=" " tag="020">
      <marc:subfield code="a">3499290774</marc:subfield>
      <marc:subfield code="9">3499290774</marc:subfield>
   </marc:datafield>
   <marc:datafield ind1=" " ind2=" " tag="041">
      <marc:subfield code="a">ger</marc:subfield>
   </marc:datafield>
   <marc:datafield ind1=" " ind2=" " tag="300">
      <marc:subfield code="a">541 Seiten</marc:subfield>
   </marc:datafield>
</marc:record>
